000 00540nam a22001817a 4500
999 _c7359
_d7359
003 OSt
005 20251029020002.0
008 211022b ||||| |||| 00| 0 eng d
020 _a9789970652006
040 _cDDC
082 _a128.33KIG 2021
100 _aKigundu,Hamis;
_915079
245 _aReasons as the world masterpiece
_bAfrica and uganda's success and failure based on reasons and reality.
260 _aUganda,
_b Ham Enterprises(U)ltd.
_c2021.
300 _axi,141p;
650 _aSocial science
_97174
942 _2ddc
_cO_SHELF
_01